Nový systém financovania ochrany životného prostredia.

Návrh systému financovania ochrany životného prostredia. Negatívne vplyvy z predchádzajúceho obdobia. Prijatie pravidiel pre financovanie ochrany životného prostredia na najbližšie roky: všeobecné pravidlá a odborné kritériá. Dotácie sa budú poskytovať len na základe stanoviska úradu životného prost...

Descripción completa

Guardado en:
Detalles Bibliográficos
Autor principal: Prizemin, P.
Formato: Capítulo de libro
Lenguaje:eslovaco
Materias:
Etiquetas: Agregar Etiqueta
Sin Etiquetas, Sea el primero en etiquetar este registro!

MARC

LEADER 00000naa a2200000 4500
001 r005599
005 20221125081615.8
041 0 |a slo 
044 |a [CS] 
245 1 0 |a Nový systém financovania ochrany životného prostredia.  |c P. Prizemin 
520 |a Návrh systému financovania ochrany životného prostredia. Negatívne vplyvy z predchádzajúceho obdobia. Prijatie pravidiel pre financovanie ochrany životného prostredia na najbližšie roky: všeobecné pravidlá a odborné kritériá. Dotácie sa budú poskytovať len na základe stanoviska úradu životného prostredia. 
610 2 0 |a ochrana prostredia životného 
610 2 0 |a dotácie 
610 2 0 |a financovanie investícií 
610 2 0 |a Slovensko 
100 1 |a Prizemin, P.